| 000 -LEADER |
| fixed length control field |
00461nam a22001457a 4500 |
| 008 - FIXED-LENGTH DATA ELEMENTS--GENERAL INFORMATION |
| fixed length control field |
200212b ||||| |||| 00| 0 eng d |
| 020 ## - INTERNATIONAL STANDARD BOOK NUMBER |
| International Standard Book Number |
1856174670 |
| 100 ## - MAIN ENTRY--PERSONAL NAME |
| 9 (RLIN) |
1656 |
| Personal name |
Forsthoffer, William E. |
| 245 10 - TITLE STATEMENT |
| Title |
Principles of rotating equipment, Vol. 1 |
| 260 ## - PUBLICATION, DISTRIBUTION, ETC. (IMPRINT) |
| Place of publication, distribution, etc |
Oxford |
| Name of publisher, distributor, etc |
Elsevier |
| Date of publication, distribution, etc |
2005 |
| 300 ## - PHYSICAL DESCRIPTION |
| Extent |
xiii,197p. |
| 440 ## - SERIES STATEMENT/ADDED ENTRY--TITLE |
| Title |
Forsthoffer's rotating equipment handbook |
| 650 #0 - SUBJECT ADDED ENTRY--TOPICAL TERM |
| Topical term or geographic name as entry element |
Turbomachine |
| General subdivision |
Mechanical Engineering |
| 942 ## - ADDED ENTRY ELEMENTS (KOHA) |
| Item type |
Books |